| 000 | 00423nam a2200181Ia 4500 | ||
|---|---|---|---|
| 001 | 22996 | ||
| 005 | 20260414150908.0 | ||
| 008 | 260414t2010||||xx |||||||||||||| ||spa|| | ||
| 041 | _aESP | ||
| 082 |
_a624.1762 _bD28 |
||
| 100 |
_aDatta, T. K. _eAUT |
||
| 245 | 0 |
_aSeismic analysis of structures _b |
|
| 260 | _c2010 | ||
| 300 |
_a454 páginas : _c25 cm. |
||
| 650 | _a0 | ||
| 654 | _aCIC | ||
| 942 |
_cLIB _dJUS _fJUS _2ddc _n |
||
| 999 |
_c22996 _d22996 |
||